| 000 | 00731nam a2200181Ia 4500 | ||
|---|---|---|---|
| 999 |
_c19674 _d19674 |
||
| 082 | _aRP 0280 | ||
| 100 | _aNirupama Prakash | ||
| 245 | 0 |
_aSafe motherhood & access to resources among nomadic population in desert regions in Rajasthan- India and the Negev, Israel- a comparative perspective 2008-2009 _b: |
|
| 260 |
_c0 _bIndian Council of Social Science Research, New Delhi |
||
| 300 | _a98 | ||
| 650 |
_aNomads _vSocial conditions _zIndia _zRajasthan |
||
| 650 |
_aNomads _vSocial conditions _zIsrael _zNegev |
||
| 650 |
_aMotherhood _zIndia _zRajasthan |
||
| 650 |
_aNomads _vEconomic conditions _zIndia _zRajasthan |
||
| 650 |
_aMotherhood _zIsrael _zNegev |
||
| 650 |
_aNomads _vEconomic conditions _zIsrael _zNegev |
||
| 942 |
_cRP _2ddc |
||